Music Quiz

Random Music Quiz

Madonna Live! Quiz Stats

 Plays Quiz not verified by Sporcle

Challenge
Share
Tweet
Embed
Score 0/186 Timer 10:00
1 Play Today
% Correct
Like A Virgin
98.9%
Holy Water/Vogue
98.5%
Material Girl
97.8%
Dress You Up/Into The Groove/Everybody/Lucky Star
97.4%
Holiday
97.4%
Like A Virgin
96.8%
Like A Virgin
96.8%
Like A Virgin
96.8%
Like A Virgin
96.8%
Like A Virgin
96.8%
Like A Virgin
96.8%
Who's That Girl
96.3%
Holiday
96.2%
Holiday
96.2%
Holiday
96.2%
Holiday
96.2%
Holiday
96.2%
Holiday
96.2%
Holiday
96.2%
Holiday
96.2%
Burning Up
95%
La Isla Bonita
95%
Music
95%
Material Girl
94.8%
Material Girl
94.8%
Material Girl
94.8%
Vogue
94.8%
Vogue
94.8%
Vogue
94.8%
Material Girl
94.8%
Vogue
94.8%
Vogue
94.8%
Express Yourself
94.2%
Express Yourself
94.2%
Express Yourself
94.2%
Express Yourself
94.2%
True Blue
93.9%
Dress You Up
93.7%
Papa Don't Preach
93.7%
Dress You Up
93.7%
Like A Prayer
93.7%
Papa Don't Preach
93.7%
Like A Prayer
93.7%
Papa Don't Preach
93.7%
Like A Prayer
93.7%
Dress You Up
93.7%
Papa Don't Preach
93.7%
Like A Prayer
93.7%
Into The Groove
93.5%
Lucky Star
93.5%
Lucky Star
93.5%
Into the Groove
93.5%
Into The Groove
93.5%
Into The Groove
93.5%
Lucky Star
93.5%
Into The Groove
93.5%
Music
93.4%
Music
93.4%
Music
93.4%
Deeper And Deeper
93.2%
Frozen
93.1%
Frozen
93.1%
% Correct
Frozen
93.1%
Music Inferno
92.7%
Open Your Heart
92.6%
Open Your Heart
92.6%
Open Your Heart
92.6%
La Isla Bonita
92.5%
La Isla Bonita
92.5%
La Isla Bonita
92.5%
La Isla Bonita
92.5%
La Isla Bonita
92.5%
Ray of Light
92.1%
Ray of Light
92.1%
Ray of Light
92.1%
You Thrill Me/Erotica
92.1%
Who's That Girl
92%
Erotica
91.9%
Live To Tell
91.5%
Live To Tell
91.5%
Live To Tell
91.5%
Hung Up
91.5%
Hung Up
91.5%
Hung Up
91.5%
Borderline
91.4%
Borderline
91.4%
Candy Shop
90.8%
Everybody
90.7%
Crazy For You
90.7%
Burning Up
90.7%
Everybody
90.7%
Burning Up
90.7%
Crazy For You
90.7%
Deeper And Deeper
89.8%
Deeper And Deeper
89.8%
Drowned World/Substitute for Love
89.4%
Drowned World/Substitute for Love
89.4%
Human Nature
89.2%
Human Nature
89.2%
Human Nature
89.2%
Don't Tell Me
88.9%
Don't Tell Me
88.9%
True Blue
88.2%
Candy Shop
87.6%
Candy Shop
87.6%
Rain
87.3%
Justify My Love
87.3%
Sorry
86.7%
Cherish
86.2%
Fever
86.2%
Causing A Commotion
85.6%
Causing A Commotion
85.6%
Oh Father
85.6%
Hanky Panky
85.4%
Hanky Panky
85.4%
American Life
85.2%
Girl Gone Wild
85.2%
Jump
84.7%
Bitch I'm Madonna
84.7%
Gambler
84.1%
Keep It Together
83.8%
Secret
83.6%
Get Together
83.4%
Die Another Day
83.1%
% Correct
Beautiful Stranger
83%
Iconic
83%
Nobody Knows Me
82.9%
Where's The Party
82.5%
Where's The Party
82.5%
Lo Que Siente La Mujer
82.4%
Gang Bang
82%
Mer Girl
81.9%
Mer Girl (Reprise)
81.9%
Rebel Heart
81.5%
4 Minutes
81.4%
Revolver
81.4%
Give It 2 Me
81.1%
Give Me All Your Luvin'
81.1%
Bye Bye Baby
80.6%
Future Lovers
80.6%
Isaac
80.4%
Celebration
80.3%
Paradise (Not For Me)
80.1%
Impressive Instant
80%
White Heat
79.7%
I Love New York
79.7%
Beat Goes On
79.7%
Over and Over
79.6%
She's Not Me
79.6%
Sooner or Later
78.7%
Candy Perfume Girl
78.4%
The Look of Love
78.2%
In This Life
78.2%
I'm Going Bananas
78%
Forbidden Love
78%
Unapologetic Bitch
77.8%
Mother And Father
77.5%
I'm Addicted
77.5%
I'm A Sinner
77.2%
Sky Fits Heaven
77.1%
Living For Love
77.1%
HeartBreakCity/Love Don't Live Here Anymore
76.7%
Now I'm Following You
76.4%
Heartbeat
76.4%
You Must Love Me
76.3%
Turn Up The Radio
76%
Gone
75.9%
Why's It So Hard
75.6%
Let It Will Be
75.6%
Love Spent
75.4%
Devil Pray
75.4%
Body Shop
75.4%
Spanish Lesson
75.3%
Masterpiece
75.2%
Nobody's Perfect
74.9%
Miles Away
74.5%
Lament
74.4%
Nothing Fails
73.7%
Imagine
73.7%
I Don't Give A
73.7%
Like It Or Not
73.6%
Devil Wouldn't Recognize You
72.9%
The Funny Song (Oh Dear Daddy)
72.8%
I Deserve It
72.7%
Ghosttown
72.6%
La Vie En Rose
65.6%

You're not logged in!

Compare scores with friends on all Sporcle quizzes.
Join for Free
OR
Log In

You Might Also Like...

Show Comments

Extras

Created Jan 24, 2013ReportNominate
Tags:madonna, Madonna tours

Top Quizzes Today


Score Distribution

Your Account Isn't Verified!

In order to create a playlist on Sporcle, you need to verify the email address you used during registration. Go to your Sporcle Settings to finish the process.

Report this User

Report this user for behavior that violates our Community Guidelines.

Details: